000 00226 a2200085 4500
020 _a9780500341872
100 _aGeoffrey Bawa and David Robson
245 _aGeoffrey Bawa: The Complete Works
260 _b ‎ Thames & Hudson
_c2002
999 _c13362
_d13362